Luster /

Guardat en:
Dades bibliogràfiques
Autor principal: Leon, Michael (Compositor)
Altres autors: Melvoin, Susannah (Actor), Powers, Shane (Actor), Gidley, Pamela (Actor), Lewis, Everett (Director), Herwick, Justin (Actor), Deluna, Humberto (Fotògraf)
Format: Thesis Diapositiva
Idioma:anglès
francès
Publicat: [Campi Bisenzio] : Dolmen Home Video [distributore], [2004]
Col·lecció:Queer
Etiquetes: Afegir etiqueta
Sense etiquetes, Sigues el primer a etiquetar aquest registre!

MARC

LEADER 00000ngm a22000007i 4500
001 IT\ICCU\VEA\0698222
003 ItRI
005 20260124182844.0
008 070221s2004 it |||||||||||||||k|||||c
024 3 1 |a 8032700990086 
028 4 2 |a PSV8028 
040 |b ita 
041 7 |a eng  |a fre  |2 ISO-639-2 
082 |a 791.43  |9 CINEMA  |2 21 
130 0 |a Luster <film ; 2002>  |3 IT\ICCU\RAV\1587046 
245 0 0 |a Luster /  |c un film di Everett Lewis ; fotografia Humberto Deluna ; colonna sonora originale di Michael Leon. 
260 |a [Campi Bisenzio] :  |b Dolmen Home Video [distributore],  |c [2004] 
300 |a 1 DVD-Video (90 min) :  |b color, sonoro ;  |c 12 cm 
500 |a Codice area: 2; sistema e formato video: PAL, 4/3 full frame; Dolby digital 2.0 
500 |a Titolo del contenitore 
500 |a Film del 2002, USA 
500 |a Interpreti: Justin Herwick, Shane Powers, Pamela Gidley, Susannah Melvoin 
500 |a Lingue: inglese, francese; sottotitoli in italiano 
500 |a Contiene: trailers, note di produzione, intervista al regista. 
500 |a fotografo  |0 IT\ICCU\VEAV\314661 
500 |a compositore  |0 IT\ICCU\VEAV\314662 
502 |a Visione consigliata a un pubblico adulto 
700 1 |a Melvoin, Susannah  |0 IT\ICCU\DDSV\277002  |4 act 
700 1 |a Powers, Shane  |0 IT\ICCU\PCMV\002461  |4 act 
700 1 |a Gidley, Pamela  |0 IT\ICCU\UBOV\988816  |4 act 
700 1 |a Lewis, Everett  |0 IT\ICCU\VEAV\314658  |4 drt 
700 1 |a Herwick, Justin  |0 IT\ICCU\VEAV\314659  |4 act 
700 1 |a Deluna, Humberto  |0 IT\ICCU\VEAV\314661  |4 pht 
700 1 |a Leon, Michael  |0 IT\ICCU\VEAV\314662  |4 cmp 
830 0 |a Queer  |0 IT\ICCU\UBO\2667501 
942 |2 ddc  |c VM  |n 0 
952 |0 0  |1 0  |4 0  |6 VO_1680_000000000000000  |7 0  |9 27065  |a BO  |b BO  |d 2026-01-24  |i 12968  |l 0  |o VO 1680  |p BO12968  |r 2026-01-24 18:28:44  |w 2026-01-24  |x [Sebina 5] [1 dvd]  |y VM  |z 1 dvd 
999 |c 22903  |d 22903